000
00305nam a22001217a 4500
008
160430b xxu||||| |||| 00| 0 eng d
020
_a
9780538734769
020
_a
0538734760
041
_a
eng
080
_a
612.36
245
_a
Undertanding nutrition:
_c
Ellie Whtney; Sharon Rady Rolfes;
942
_2
udc
_c
BK
999
_c
1703
_d
1703